北京图书馆 = (Record no. 26548)
[ view plain ]
| 000 -LEADER | |
|---|---|
| fixed length control field | 01010nam a22002775a 4500 |
| 005 - DATE AND TIME OF LATEST TRANSACTION | |
| control field | 20180418150343.0 |
| 008 - FIXED-LENGTH DATA ELEMENTS--GENERAL INFORMATION | |
| fixed length control field | 180418s1999 cc a grb 000 0 mul d |
| 040 ## - CATALOGING SOURCE | |
| Original cataloging agency | EG-ScBUE |
| Language of cataloging | eng |
| Transcribing agency | EG-ScBUE |
| 041 0# - LANGUAGE CODE | |
| Language code of text/sound track or separate title | chi |
| -- | eng |
| 043 ## - GEOGRAPHIC AREA CODE | |
| Geographic area code | a-cc--- |
| 082 04 - DEWEY DECIMAL CLASSIFICATION NUMBER | |
| Classification number | 027.551 |
| Item number | NAT |
| Edition number | 22 |
| 245 00 - TITLE STATEMENT | |
| Title | 北京图书馆 = |
| Remainder of title | National library of china / |
| Statement of responsibility, etc | editor-in-chief, Li Zhizhong ; text writers, Tang Gengsheng, Zhang Yan ; translator Gu Ben. |
| 246 31 - VARYING FORM OF TITLE | |
| Title proper/short title | National library of china |
| 260 ## - PUBLICATION, DISTRIBUTION, ETC. (IMPRINT) | |
| Place of publication, distribution, etc | Beijing : |
| Name of publisher, distributor, etc | The Central Academy of Arts and Design, |
| Date of publication, distribution, etc | 1999. |
| 300 ## - PHYSICAL DESCRIPTION | |
| Extent | 39 p. : |
| Other physical details | ill. (col.) ; |
| Dimensions | 24 cm. |
| 541 ## - IMMEDIATE SOURCE OF ACQUISITION NOTE | |
| Source of acquisition | Ambassador Ali Al-Hafni ; |
| 546 ## - LANGUAGE NOTE | |
| Language note | Text in Chinese and English. |
| 650 #7 - SUBJECT ADDED ENTRY--TOPICAL TERM | |
| Topical term or geographic name as entry element | National libraries |
| Geographic subdivision | China. |
| Source of heading or term | BUEsh |
| 651 ## - SUBJECT ADDED ENTRY--GEOGRAPHIC NAME | |
| Source of heading or term | BUEsh |
| 653 ## - INDEX TERM--UNCONTROLLED | |
| Resource For college | Generalities |
| Arrived date list | April2018 |
| 700 1# - ADDED ENTRY--PERSONAL NAME | |
| Personal name | Zhizhong, Li, |
| Relator term | editor. |
| 700 1# - ADDED ENTRY--PERSONAL NAME | |
| Personal name | Gengsheng, Tang, |
| Relator term | commentator for written text. |
| 700 1# - ADDED ENTRY--PERSONAL NAME | |
| Personal name | Yan, Zhang, |
| Relator term | commentator for written text. |
| 700 1# - ADDED ENTRY--PERSONAL NAME | |
| Personal name | Ben, Gu, |
| Relator term | translator. |
| 942 ## - ADDED ENTRY ELEMENTS (KOHA) | |
| Source of classification or shelving scheme | Dewey Decimal Classification |
| Withdrawn status | Item status | Source of classification or shelving scheme | Damaged status | Not for loan | Vendor | Home library | Current library | Shelving location | Date acquired | Source of acquisition | Total Checkouts | Full call number | Barcode | Date last seen | Koha item type |
|---|---|---|---|---|---|---|---|---|---|---|---|---|---|---|---|
| Dewey Decimal Classification | Donation-Gift | Central Library | Central Library | Lower Floor | 18/04/2018 | Donation | 027.551 NAT | 000043205 | 15/07/2025 | Book - Borrowing |